000 00950nam a2200253Ia 4500
008 130821s2011 sp a gr spa
020 _a9788497792447
040 _aCo-BoUCM
_bspa
041 0 0 _aspa
100 1 _aHonneth, Axel
_9160102
245 1 3 _aLa sociedad del desprecio
_cAxel Honneth ; edicción y traducción de Francesc J. Hernández y Benno Herzog.
260 _aMadrid (España)
_bEditorial Trotta
_c2011
300 _a240 páginas
_bilustraciones, gráficas
490 0 _aColección estructuras y procesos.
_bFilosofía
500 _aIncluye índices.
650 0 4 _aCiencias sociales
_xFilosofía
_938933
650 0 4 _aCultura
_912390
650 0 4 _aFilosofía de la cultura
_915755
650 0 4 _aFilosofía de la sociología
_915777
700 1 _aHernández, Francesc J.
_etraductor
_9160103
700 1 _aHerzog, Benno
_etraductor.
_9160104
942 _cLIBRO
_a5
_e1
_mH773s
_2DEWEY
_h306.42
999 _c39505
_d39505